01442nam a2200277 i 4500001000700000003000900007007000300016008004100019080001300060080001800073100004400091245025100135260004300386300002000429490008400449650003700533650004500570830009200615852002100707852002400728852002400752999001900776952012400795952012100919952012401040110738ES-MaACLt|070124m19141925sp ||||1| spa d a348.1/.5 a348.7/.8(460)1 aCampos y Pulido, José María.93429010aLegislación y jurisprudencia canónica novísima y disciplina particular de España b: exposición y comentarios de las más recientes disposiciones dictadas en el Pontificado de Su Santidad Pío Papa X / cpor José M. Campos y Pulido. aMadrid : bHijos de Reus, c1914-1925. a5 v. ; c23 cm.1 aBiblioteca jurídica de autores españoles y extranjeros ; v12, 24-25, 33-3417aDerecho canónico2embne91165514aDerecho eclesiástico-zEspaña9117040 aBiblioteca jurídica de autores españoles y extranjeros ; v12, 24-25, 33-349182228 aES-MaACLjE-3033 aES-MaACLjE-3045-46 aES-MaACLjE-3054-55 c110738d110738 00104070aATENEOMbATENEOMcDEPO2d2008-01-17eSCl0oE-3054-55p1115540r2023-02-23 00:00:00w2023-02-23yMONOGRAFIA 00104070aATENEOMbATENEOMcDEPO2d2008-01-17eSCl0oE-3033p1115538r2023-02-23 00:00:00w2023-02-23yMONOGRAFIA 00104070aATENEOMbATENEOMcDEPO2d2008-01-17eSCl0oE-3045-46p1115539r2023-02-23 00:00:00w2023-02-23yMONOGRAFIA